• 首页
  • 本馆介绍
  • 公告通知
  • 最新文献
  • 馆藏检索
  • 电子资源
  • 读者荐购
  • 参考咨询
  • CALIS
  • 我的图书馆
  • 登录
  • 详细信息显示
  • 放入我的书架
  • 预约/预借图书
  • 作者相关作品
  • 分类相关作品
  • 丛书相关作品
  • 出版社相关作品

书目信息

  • 表格格式
  • 工作单格式
  • 卡片格式
题名:
大学英语:精读 3
    
 
作者: 李荫华 主编
分册:  
出版信息: 上海   上海外语教育出版社  1997.12
页数: 325页
开本: 16开
丛书名:
单 册:
中图分类: H319.4
科图分类:
主题词: 英语
电子资源:
ISBN: 7-81046-276-8
 
 
 
 
 
000 00524nam0 2200181 45
001 0012101162
005 20041203101408.18
010    @a7-81046-276-8@dCNY 37.20
100    @a20001210d1997 km y0chiy0120 ea
101 0  @achi
200 1  @a大学英语:精读 3@ADa Xue Ying Yu:Jing Du 3@f李荫华主编@FLi Yin Hua Zhu Bian
210    @a上海@c上海外语教育出版社@d1997.12
215    @a325页@d16开
606 0  @a英语
690    @aH319.4@v3
701  0 @a李荫华@4主编
801    @aCN@bPftUser@c20041203
905    @b302532-535@dH319.4@eD257=2:3@f4
    
    大学英语:精读 3/李荫华主编.-上海:上海外语教育出版社,1997.12
    325页;16开
    
    
    ISBN 7-81046-276-8:CNY 37.20
    
●
相关链接 在E读中查询图书 在当当中查询图书 在豆瓣中查询图书


正题名:大学英语:精读 3     索取号:H319.4/D257=2:3         预约/预借

序号 登录号 条形码 馆藏地/架位号 状态 备注
1 302532   203025323   语言库209/ [索取号:H319.4/D257=2:3] 在馆    
2 302533   203025332   自科二线504/504自科库 45排2列4层/ [索取号:H319.4/D257=2:3] 在馆    
3 302534   203025341   语言库209/ [索取号:H319.4/D257=2:3] 已借出,限还日期为2013.03.11
借出人:余海静  
 
4 302535   203025350   自科二线504/504自科库 45排2列4层/ [索取号:H319.4/D257=2:3] 在馆    
5 379140   203791405   自科二线504/504自科库 45排2列5层/ [索取号:H319.4/D257=2:3] 在馆    
6 379141   203791414   自科二线504/504自科库 45排2列5层/ [索取号:H319.4/D257=2:3] 在馆    
7 428813   204288136   自科二线504/504自科库 45排2列5层/ [索取号:H319.4/D257=2:3] 在馆    
8 428814   204288145   自科二线504/504自科库 45排2列4层/ [索取号:H319.4/D257=2:3] 在馆    
9 428815   204288154   自科二线504/504自科库 45排2列5层/ [索取号:H319.4/D257=2:3] 在馆    
10 430027   204300274   自科二线504/504自科库 45排2列5层/ [索取号:H319.4/D257=2:3] 在馆    
河南城建学院图书馆 欢迎您!
大连网信软件有限公司© 版权所有